000 00534nam a2200217Ia 4500
003 OSt
005 20250704113052.0
008 210210b1992 xxu||||| |||| 00| 0 eng d
020 _a0 07 008717 2
040 _cAL
041 _aeng
082 _a519.4 BUCN
100 _aJames L Buchanan
_9210774
245 _aNumerical methods and analysis
260 _aNY
_bMcGraw Hill
_c1992
300 _axv,751p.
690 _aMathematical Statistics
_9210775
700 _aTurner, Peter R
_9217170
906 _a049359
942 _2ddc
_cBK
999 _c98382
_d98382